La ruta del Doctor Shannon / (Record no. 50189)
[ view plain ]
| 000 -LEADER | |
|---|---|
| campo de control de longitud fija | 00541nam a2200181 i 4500 |
| 001 - NÚMERO DE CONTROL | |
| campo de control | 50189 |
| 003 - IDENTIFICADOR DE NÚMERO DE CONTROL | |
| campo de control | ES-MaACL |
| 005 - FECHA Y HORA DE LA ÚLTIMA TRANSACCIÓN | |
| campo de control | 20230906162134.0 |
| 007 - CAMPO FIJO DE DESCRIPCIÓN FÍSICA--INFORMACIÓN GENERAL | |
| campo de control de longitud fija | t| |
| 008 - DATOS DE LONGITUD FIJA--INFORMACIÓN GENERAL | |
| campo de control de longitud fija | 030731s1949 sp ||||1| spa d |
| 100 1# - ENTRADA PRINCIPAL--NOMBRE DE PERSONA | |
| Nombre de persona | Cronin, A. J. |
| 9 (RLIN) | 41692 |
| 245 13 - MENCIÓN DEL TÍTULO | |
| Título | La ruta del Doctor Shannon / |
| Mención de responsabilidad, etc. | Archibald Joseph Cronin ; traducción de Joaquín Urbieta. |
| 250 ## - MENCION DE EDICION | |
| Mención de edición | [3ª ed.]. |
| 260 ## - PUBLICACIÓN, DISTRIBUCIÓN, ETC. | |
| Lugar de publicación, distribución, etc. | Barcelona : |
| Nombre del editor, distribuidor, etc. | Hermes, |
| Fecha de publicación, distribución, etc. | [1949] ( |
| Fabricante | G.A.S.A.) |
| 300 ## - DESCRIPCIÓN FÍSICA | |
| Extensión | 381 p. ; |
| Dimensiones | 19 cm. |
| 700 1# - ENTRADA AGREGADA--NOMBRE PERSONAL | |
| Nombre de persona | Urnieta, Joaquín. |
| 9 (RLIN) | 112194 |
| 852 ## - LOCALIZACIÓN | |
| Ubicación | ES-MaACL |
| Número de control de estantería | C-7907 |
| Sublocalización o colección | R.33445 |
| Estatus retirado | Estado de pérdida | Estado de daño | No para préstamo | Biblioteca de origen | Biblioteca actual | Ubicación en estantería | Fecha de adquisición | Fuente de adquisición | Total de préstamos | Signatura topográfica completa | Código de barras | Visto por última vez | Precio de reemplazo | Tipo de ítem Koha |
|---|---|---|---|---|---|---|---|---|---|---|---|---|---|---|
| Biblioteca del Ateneo de Madrid | Biblioteca del Ateneo de Madrid | Sala Palomar | 17/01/2008 | C-7907 | 1052794 | 23/02/2023 | 23/02/2023 | Libro impreso |
